| 000 | 00360nam a2200145Ia 4500 | ||
|---|---|---|---|
| 008 | 231030s9999||||xx |||||||||||||| ||und|| | ||
| 020 | _a9.7893904705e+012 | ||
| 082 |
_a658.1511 _bAro/C |
||
| 100 | _aArora M N | ||
| 245 | 0 | _aCost & Management Accounting | |
| 250 | _a11thEdition | ||
| 260 |
_aNoida _bVikas Publishing House |
||
| 260 | _c2022 | ||
| 942 | _cBK | ||
| 999 |
_c42236 _d42236 |
||